000
00295nam a22001217a 4500
008
230626b xxu||||| |||| 00| 0 eng d
082
_a
331.2
_b
STE
100
_c
Joseph J. Stern
245
_a
Employment Patters and Income Growth
260
_a
Kenya
_b
USA
_c
1980
300
_a
69p
942
_2
ddc
_c
BK
999
_c
2706
_d
2706